A modern approach to verbal and non verbal reasoning (Record no. 2128)
[ view plain ]
| 000 -LEADER | |
|---|---|
| fixed length control field | 00846 a2200205 4500 |
| 020 ## - INTERNATIONAL STANDARD BOOK NUMBER | |
| Terms of availability | 395.00 |
| 035 ## - SYSTEM CONTROL NUMBER | |
| System control number | B-83275 |
| 037 ## - SOURCE OF ACQUISITION | |
| Source of stock number/acquisition | RP-ZLS-2071 / PANSY-04-05:12 / RP-04-05:ENG |
| 082 14 - DEWEY DECIMAL CLASSIFICATION NUMBER | |
| Classification number | 000 |
| 090 ## - LOCALLY ASSIGNED LC-TYPE CALL NUMBER (OCLC); LOCAL CALL NUMBER (OCLC) | |
| -- | 2168 |
| -- | 2168 |
| 100 1# - MAIN ENTRY--PERSONAL NAME | |
| Personal name | Aggarwal, R.S. |
| 245 1# - TITLE STATEMENT | |
| Title | A modern approach to verbal and non verbal reasoning |
| Statement of responsibility, etc | by R.S.Aggarwal |
| Remainder of title | full solved & thoroughly revised with explanatory notes on logical deduction |
| 260 ## - PUBLICATION, DISTRIBUTION, ETC. (IMPRINT) | |
| Place of publication, distribution, etc | New Delhi |
| Name of publisher, distributor, etc | S. Chand |
| Date of publication, distribution, etc | 2005r |
| 270 ## - ADDRESS | |
| Address | 7631, Ram Nagar, |
| City | New Delhi |
| State or province | Delhi |
| Postal code | 110055 |
| Telephone number | 23672080 |
| Fax number | 23677446 |
| 300 ## - PHYSICAL DESCRIPTION | |
| Extent | 560, 158, 431 p |
| Dimensions | 24.5 cm (pbk) |
| 500 ## - GENERAL NOTE | |
| General note | this is reprent in 2005 |
| 942 ## - ADDED ENTRY ELEMENTS (KOHA) | |
| Institution code [OBSOLETE] | dpl |
| Koha item type | English Books |
| Call number prefix | 000 / AGG |
| Withdrawn status | Lost status | Source of classification or shelving scheme | Damaged status | Not for loan | Home library | Current library | Cost, normal purchase price | Total Checkouts | Full call number | Barcode | Date last seen | Uniform Resource Identifier | Cost, replacement price | Price effective from | Koha item type |
|---|---|---|---|---|---|---|---|---|---|---|---|---|---|---|---|
| Dewey Decimal Classification | Karol Bagh | Karol Bagh | 395.00 | 000 AGG | B-84815 | 15/09/2008 | 2259 | 395.00 | 15/09/2008 | English Books | |||||
| Dewey Decimal Classification | Sarojini Nagar | Sarojini Nagar | 395.00 | 000 AGG | B-83275 | 15/09/2008 | 2258 | 395.00 | 15/09/2008 | English Books |
